[Event "Titled Tuesday intern op 28th Mar Early"]
[Site "Chess.com INT"]
[Date "2023.03.28"]
[Round "2"]
[White "Petukhov, Dmitry"]
[Black "Sawyer, Bradley J"]
[Result "0-1"]
[WhiteElo "2350"]
[BlackElo "2172"]
[PlyCount "148"]
[EventDate "2023.03.28"]
[EventType "swiss (blitz)"]
[EventRounds "11"]
[EventCountry "USA"]
[SourceTitle "EXT 2024"]
[Source "ChessBase"]
[SourceDate "2023.10.10"]
[SourceVersion "1"]
[SourceVersionDate "2023.10.10"]
[SourceQuality "1"]

1. e4 e5 2. Nf3 Nc6 3. Bb5 a6 4. Ba4 Nf6 5. 0-0 Be7 6. Re1 b5 7. Bb3 0-0 8. h3 Bb7 9. c3 d5 10. exd5 Nxd5 11. d4 exd4 12. cxd4 Bf6 13. Nc3 Nce7 14. Bg5 Bxg5 15. Nxg5 h6 16. Nge4 Nxc3 17. bxc3 Bd5 18. Nc5 Ng6 19. Qh5 Bxb3 20. axb3 Qd6 21. Qf5 Rfe8 22. Qf3 Rxe1+ 23. Rxe1 c6 24. Qe4 a5 25. Ra1 Nf4 26. Nb7 Qc7 27. Rxa5 Rxa5 28. Nxa5 Qxa5 29. Qxf4 Qxc3 30. Qe5 Qxb3 31. Qe8+ Kh7 32. Kh2 Qd5 33. Qe7 Qxd4 34. Qxf7 Qe5+ 35. g3 b4 36. h4 c5 37. h5 Qe4 38. f3 Qc2+ 39. Kh3 c4 40. f4 b3 41. f5 Qe4 42. f6 Qf5+ 43. g4 Qxf6 44. Qxc4 b2 45. Qc2+ Kg8 46. Qb3+ Kf8 47. Qb8+ Ke7 48. Qb7+ Kd6 49. Qb4+ Kd5 50. Qb5+ Ke4 51. Qc6+ Ke3 52. Qc5+ Qd4 53. Qa3+ Kd2 54. Qa2 Kc1 55. Qa3 Kc2 56. Qa2 Qe3+ 57. Kh4 Qb3 58. Qa5 b1Q 59. Qf5+ Qd3 60. Qc5+ Kd1 61. Qg1+ Kd2 62. Qf2+ Qe2 63. Qf4+ Kd1 64. Qa4+ Qbc2 65. Qa1+ Kd2 66. Qd4+ Qcd3 67. Qb2+ Ke1 68. Qc1+ Qed1 69. Qf4 Qd8+ 70. Kh3 Q1d3+ 71. Kg2 Q8d5+ 72. Kh2 Qd6 73. Kh1 Qxf4 74. g5 Qdf1# 0-1

[Event "Titled Tuesday intern op 28th Mar Early"]
[Site "Chess.com INT"]
[Date "2023.03.28"]
[Round "1"]
[White "Sawyer, Bradley J"]
[Black "Antonica, Dragos Andrei"]
[Result "0-1"]
[WhiteElo "2172"]
[BlackElo "2373"]
[PlyCount "38"]
[EventDate "2023.03.28"]
[EventType "swiss (blitz)"]
[EventRounds "11"]
[EventCountry "USA"]
[SourceTitle "EXT 2024"]
[Source "ChessBase"]
[SourceDate "2023.10.10"]
[SourceVersion "1"]
[SourceVersionDate "2023.10.10"]
[SourceQuality "1"]

1. e4 c5 2. Nc3 d6 3. Nf3 Nf6 4. d4 cxd4 5. Nxd4 Nc6 6. Bg5 e6 7. Qd2 Bd7 8. 0-0-0 a6 9. f4 b5 10. a3 Qb6 11. Nxc6 Bxc6 12. Bxf6 gxf6 13. f5 h5 14. Kb1 Qc5 15. Bd3 Bh6 16. Qe2 Ke7 17. Na2 a5 18. Nc1 b4 19. Nb3 Qe5 0-1

[Event "Titled Tuesday intern op 28th Mar Early"]
[Site "Chess.com INT"]
[Date "2023.03.28"]
[Round "3"]
[White "Sawyer, Bradley J"]
[Black "Tokhirjonova, Gulruhbegim"]
[Result "0-1"]
[WhiteElo "2172"]
[BlackElo "2332"]
[PlyCount "98"]
[EventDate "2023.03.28"]
[EventType "swiss (blitz)"]
[EventRounds "11"]
[EventCountry "USA"]
[SourceTitle "EXT 2024"]
[Source "ChessBase"]
[SourceDate "2023.10.10"]
[SourceVersion "1"]
[SourceVersionDate "2023.10.10"]
[SourceQuality "1"]

1. c4 Nf6 2. g3 d5 3. cxd5 Nxd5 4. Bg2 c5 5. Nc3 Nxc3 6. bxc3 g6 7. Nf3 Bg7 8. 0-0 Nc6 9. d3 0-0 10. Qc2 h6 11. Be3 Qd6 12. Rfd1 e5 13. Nd2 b6 14. a4 Bb7 15. Nc4 Qe6 16. a5 Nxa5 17. Nxa5 Bxg2 18. Kxg2 bxa5 19. Rxa5 c4 20. d4 exd4 21. cxd4 Rfc8 22. d5 Qd7 23. d6 c3 24. Bd4 Qxd6 25. Bxg7 Qc6+ 26. f3 Kxg7 27. Rd3 Rab8 28. Ra3 Rb2 29. Qxc3+ Qxc3 30. Rdxc3 Rxc3 31. Rxc3 Rxe2+ 32. Kh3 a5 33. Ra3 Re5 34. f4 Rb5 35. Kg4 Kf6 36. Kf3 Ke6 37. Ke4 Kd6 38. Kd4 Kc6 39. g4 h5 40. h3 hxg4 41. hxg4 f6 42. Rc3+ Kd6 43. Ra3 Rb4+ 44. Ke3 a4 45. Rd3+ Kc5 46. Rd8 a3 47. Ra8 Rb3+ 48. Kd2 Kb4 49. Kc2 Rb2+ 0-1

[Event "Titled Tuesday intern op 7th Mar Early"]
[Site "Chess.com INT"]
[Date "2023.03.07"]
[Round "1"]
[White "Dehtiarov, Roman"]
[Black "Sawyer, Bradley J"]
[Result "1-0"]
[WhiteElo "2300"]
[BlackElo "2172"]
[PlyCount "39"]
[EventDate "2023.03.07"]
[EventType "swiss (blitz)"]
[EventRounds "11"]
[EventCountry "USA"]
[SourceTitle "EXT 2024"]
[Source "ChessBase"]
[SourceDate "2023.10.10"]
[SourceVersion "1"]
[SourceVersionDate "2023.10.10"]
[SourceQuality "1"]

1. e4 e5 2. Nf3 Nc6 3. Bb5 a6 4. Ba4 Nf6 5. d4 Nxd4 6. Nxd4 exd4 7. e5 Ne4 8. 0-0 Bc5 9. Re1 b5 10. Bb3 Bb7 11. Qg4 Qe7 12. Rxe4 Bxe4 13. Qxe4 c6 14. Bf4 0-0-0 15. Nd2 g5 16. Bg3 Rde8 17. a4 Kb7 18. axb5 axb5 19. Nf3 Ra8 20. Rd1 1-0

[Event "Titled Tuesday intern op 09th Aug Early"]
[Site "Chess.com INT"]
[Date "2022.08.09"]
[Round "1"]
[White "Sawyer, Bradley J"]
[Black "Madaminov, Mukhiddin"]
[Result "0-1"]
[WhiteElo "2172"]
[BlackElo "2408"]
[PlyCount "108"]
[EventDate "2022.08.09"]
[EventType "swiss (blitz)"]
[EventRounds "11"]
[EventCountry "USA"]
[SourceTitle "EXT 2023"]
[Source "ChessBase"]
[SourceDate "2022.10.05"]
[SourceVersion "1"]
[SourceVersionDate "2022.10.05"]
[SourceQuality "1"]

1. c4 Nf6 2. g3 g6 3. Bg2 Bg7 4. Nc3 0-0 5. e4 e5 6. Nge2 Nc6 7. d3 d6 8. 0-0 Be6 9. h3 Nd7 10. Be3 f5 11. b3 f4 12. gxf4 exf4 13. Nxf4 Rxf4 14. Bxf4 Bxc3 15. Rc1 Bd4 16. Be3 Qf6 17. Qd2 Rf8 18. f4 Bxe3+ 19. Qxe3 Qd4 20. Qxd4 Nxd4 21. Rce1 Nc5 22. Re3 a5 23. Kh2 Kg7 24. Rg3 Kh6 25. h4 b6 26. Bh3 Bxh3 27. Kxh3 Ne2 28. Rgf3 Kh5 29. f5 Nd4 30. Rg3 gxf5 31. Rg7 Nde6 32. Rxh7+ Kg6 33. Re7 Kf6 34. Rh7 f4 35. Rh5 Rg8 36. d4 Nxe4 37. d5 Ng3 38. Rh6+ Kf5 39. Rg1 Nd4 40. Rh7 Nf3 41. Rg2 Re8 42. Rf7+ Ke4 43. Rxg3 fxg3 44. Kxg3 Ne5 45. Rxc7 Rg8+ 46. Kf2 Nd3+ 47. Kf1 Rf8+ 48. Kg2 Rf2+ 49. Kg3 Rxa2 50. h5 Ra1 51. Kg2 Nf4+ 52. Kf2 Ra2+ 53. Kg3 Rg2+ 54. Kh4 Kf3 0-1

[Event "Titled Tuesday intern op 19th Jul Early"]
[Site "Chess.com INT"]
[Date "2022.07.19"]
[Round "3"]
[White "Matinian, Nikita"]
[Black "Sawyer, Bradley J"]
[Result "1-0"]
[WhiteElo "2435"]
[BlackElo "2172"]
[PlyCount "71"]
[EventDate "2022.07.19"]
[EventType "swiss (blitz)"]
[EventRounds "11"]
[EventCountry "USA"]
[SourceTitle "EXT 2023"]
[Source "ChessBase"]
[SourceDate "2022.10.05"]
[SourceVersion "1"]
[SourceVersionDate "2022.10.05"]
[SourceQuality "1"]

1. e4 c5 2. Nc3 d6 3. f4 g6 4. Nf3 Bg7 5. Bb5+ Bd7 6. Bc4 Nc6 7. d3 Na5 8. Bd2 Nxc4 9. dxc4 e6 10. e5 dxe5 11. fxe5 Ne7 12. Ne4 0-0 13. Bc3 Qc7 14. Qe2 Bc6 15. Nf6+ Kh8 16. 0-0-0 Rad8 17. Rxd8 Rxd8 18. Ng5 Nf5 19. Qf2 h6 20. Nh3 Nd4 21. Re1 a6 22. Qg3 Bxf6 23. exf6 Qxg3 24. hxg3 Bxg2 25. Nf4 Bc6 26. Re5 b6 27. b4 g5 28. Nd3 cxb4 29. Nxb4 Bb7 30. c5 Nf3 31. c6 Nxe5 32. cxb7 Nd7 33. Nxa6 Nb8 34. Nc7 Rd7 35. Nxe6 fxe6 36. f7+ 1-0

[Event "Titled Tuesday intern op 19th Jul Early"]
[Site "Chess.com INT"]
[Date "2022.07.19"]
[Round "1"]
[White "Rychagov, Andrey"]
[Black "Sawyer, Bradley J"]
[Result "1/2-1/2"]
[WhiteElo "2547"]
[BlackElo "2172"]
[PlyCount "123"]
[EventDate "2022.07.19"]
[EventType "swiss (blitz)"]
[EventRounds "11"]
[EventCountry "USA"]
[SourceTitle "EXT 2023"]
[Source "ChessBase"]
[SourceDate "2022.10.05"]
[SourceVersion "1"]
[SourceVersionDate "2022.10.05"]
[SourceQuality "1"]

1. d4 Nf6 2. c4 e6 3. Nf3 Bb4+ 4. Bd2 Qe7 5. g3 Nc6 6. Nc3 Bxc3 7. Bxc3 Ne4 8. Rc1 Nxc3 9. Rxc3 0-0 10. Bg2 d6 11. d5 Nb8 12. 0-0 e5 13. c5 Bg4 14. Nd2 dxc5 15. h3 Bh5 16. Ne4 Nd7 17. g4 Bg6 18. d6 cxd6 19. Qxd6 Qxd6 20. Nxd6 Rab8 21. Rd1 b6 22. Nb5 Nf6 23. Nxa7 Rfd8 24. Rcc1 Be4 25. Nc6 Bxc6 26. Bxc6 Kf8 27. g5 Ne8 28. Kg2 Ke7 29. Kf3 Nc7 30. Ke4 f6 31. gxf6+ gxf6 32. e3 Ke6 33. Kf3 f5 34. Ke2 Rd6 35. Rxd6+ Kxd6 36. Ba4 b5 37. Bc2 e4 38. Rg1 Ra8 39. a3 b4 40. axb4 cxb4 41. Bb3 Ne6 42. Bc4 Rc8 43. Rd1+ Ke7 44. b3 Ng5 45. Ra1 Rd8 46. Ra5 Kf6 47. Ra6+ Kg7 48. Ra7+ Kg6 49. Ra6+ Kg7 50. h4 Nf3 51. Kf1 Rd1+ 52. Kg2 Rg1+ 53. Kh3 h5 54. Ra5 Rh1+ 55. Kg3 Rxh4 56. Rxf5 Rg4+ 57. Kh3 Kg6 58. Rf8 Ng1+ 59. Kh2 Nf3+ 60. Kh3 Ng1+ 61. Kh2 Nf3+ 62. Kh3 1/2-1/2

[Event "Titled Tuesday intern op 19th Jul Early"]
[Site "Chess.com INT"]
[Date "2022.07.19"]
[Round "2"]
[White "Sawyer, Bradley J"]
[Black "Ceres, Dragos"]
[Result "0-1"]
[WhiteElo "2172"]
[BlackElo "2378"]
[PlyCount "70"]
[EventDate "2022.07.19"]
[EventType "swiss (blitz)"]
[EventRounds "11"]
[EventCountry "USA"]
[SourceTitle "EXT 2023"]
[Source "ChessBase"]
[SourceDate "2022.10.05"]
[SourceVersion "1"]
[SourceVersionDate "2022.10.05"]
[SourceQuality "1"]

1. c4 e5 2. g3 Nf6 3. Bg2 c6 4. d4 exd4 5. Qxd4 Na6 6. Nf3 Bc5 7. Qd2 Bxf2+ 8. Kf1 Bc5 9. Nc3 0-0 10. a3 d5 11. b4 Be7 12. cxd5 cxd5 13. Bb2 Nc7 14. h3 Qd6 15. Qf4 Ne6 16. Qxd6 Bxd6 17. g4 h6 18. Kf2 a6 19. Rhd1 Nf4 20. Bf1 Be6 21. e3 Ng6 22. Bg2 Rad8 23. Ne2 Ne4+ 24. Kg1 Rc8 25. Rac1 Bb8 26. Ned4 Bg3 27. Kf1 Bd7 28. Ng1 Rxc1 29. Rxc1 f5 30. gxf5 Bxf5 31. Nxf5 Rxf5+ 32. Nf3 Nh4 33. Ke2 Nxg2 34. Rg1 Nh4 35. Nxh4 Rf2+ 0-1

[Event "Titled Tuesday intern op 26th Apr Early"]
[Site "Chess.com INT"]
[Date "2022.04.26"]
[Round "2"]
[White "Padmini, Rout"]
[Black "Sawyer, Bradley J"]
[Result "1-0"]
[WhiteElo "2348"]
[BlackElo "2172"]
[PlyCount "65"]
[EventDate "2022.04.26"]
[EventType "swiss (blitz)"]
[EventRounds "11"]
[EventCountry "USA"]
[SourceTitle "CBM 208 Extra"]
[Source "ChessBase"]
[SourceDate "2022.07.31"]
[SourceVersion "1"]
[SourceVersionDate "2022.07.31"]
[SourceQuality "1"]

1. c4 c5 2. b3 Nc6 3. Bb2 e5 4. Nc3 g6 5. g3 Bg7 6. Bg2 Nge7 7. e3 0-0 8. h4 h5 9. Nf3 d5 10. cxd5 Nxd5 11. Ng5 Ndb4 12. 0-0 Nd3 13. Ba3 Ncb4 14. Bxb4 Nxb4 15. a3 Nd3 16. Qe2 Bg4 17. f3 Bf5 18. e4 Qd4+ 19. Kh2 Bd7 20. f4 exf4 21. gxf4 Bg4 22. Nf3 Qd6 23. e5 Qd7 24. Qe4 Rad8 25. Ng5 b6 26. Nd5 Bf5 27. Qe3 Rfe8 28. Qg3 Nxe5 29. fxe5 Bxe5 30. Rf4 Bxa1 31. d4 Bxd4 32. Rxd4 Qc6 33. Ne7+ 1-0

[Event "Titled Tuesday intern op 21st Dec"]
[Site "Chess.com INT"]
[Date "2021.12.21"]
[Round "3"]
[White "Macovei, Andrei"]
[Black "Sawyer, Bradley J"]
[Result "1-0"]
[WhiteElo "2454"]
[BlackElo "2172"]
[PlyCount "89"]
[EventDate "2021.12.21"]
[EventType "swiss (blitz)"]
[EventRounds "11"]
[EventCountry "USA"]
[SourceTitle "CBM 205 Extra"]
[Source "ChessBase"]
[SourceDate "2022.01.31"]
[SourceVersion "1"]
[SourceVersionDate "2022.01.31"]
[SourceQuality "1"]

1. e4 c5 2. Nf3 d6 3. Bb5+ Bd7 4. Bd3 Nf6 5. h3 c4 6. Bxc4 Nxe4 7. 0-0 Bc6 8. d4 d5 9. Bd3 Nd7 10. Re1 e6 11. Nbd2 Ndf6 12. Ne5 Bd6 13. Nxc6 bxc6 14. Nxe4 dxe4 15. Bxe4 Nxe4 16. Rxe4 0-0 17. c4 Qf6 18. b3 Rfd8 19. Bb2 a5 20. Qe2 Qf5 21. Rd1 a4 22. Re3 axb3 23. axb3 Ra2 24. Rf3 Qh5 25. Rb1 Qg6 26. Qd3 Qh6 27. Bc1 Qh5 28. Be3 Rda8 29. Qd1 Qg6 30. g3 Rc2 31. Kg2 Raa2 32. Ra1 h5 33. h4 Bb4 34. Rxa2 Rxa2 35. d5 Qe4 36. dxe6 Qxe6 37. Qd8+ Kh7 38. Qg5 Ra5 39. Qf4 Kg8 40. Bd4 Bd6 41. Qd2 Rf5 42. Re3 Qd7 43. Bc3 Qc7 44. Rd3 Be7 45. Rd7 1-0

[Event "Titled Tuesday intern op 21st Dec"]
[Site "Chess.com INT"]
[Date "2021.12.21"]
[Round "4"]
[White "Sawyer, Bradley J"]
[Black "Artemenko, Oleg"]
[Result "1/2-1/2"]
[WhiteElo "2172"]
[BlackElo "2246"]
[PlyCount "69"]
[EventDate "2021.12.21"]
[EventType "swiss (blitz)"]
[EventRounds "11"]
[EventCountry "USA"]
[SourceTitle "CBM 205 Extra"]
[Source "ChessBase"]
[SourceDate "2022.01.31"]
[SourceVersion "1"]
[SourceVersionDate "2022.01.31"]
[SourceQuality "1"]

1. e4 e6 2. d4 d5 3. Nc3 Nf6 4. Bg5 Bb4 5. exd5 Qxd5 6. Bxf6 gxf6 7. Qd2 Qa5 8. Nge2 c5 9. a3 cxd4 10. Qxd4 Be7 11. g3 Nc6 12. Qe3 e5 13. Bg2 Be6 14. 0-0 Qc5 15. Qh6 f5 16. b4 Qc4 17. b5 Nd4 18. Nxd4 exd4 19. Bxb7 Rc8 20. Bc6+ Rxc6 21. bxc6 Qxc3 22. Rab1 Bd6 23. Rb7 Qxc6 24. Rfb1 f4 25. Rb8+ Bxb8 26. Rxb8+ Kd7 27. Rxh8 Qxc2 28. Qxf4 Qd1+ 29. Kg2 Bd5+ 30. Kh3 Qh5+ 31. Qh4 Be6+ 32. Kg2 Bd5+ 33. Kh3 Be6+ 34. Kg2 Bd5+ 35. Kh3 1/2-1/2

[Event "Titled Tuesday intern op 23rd Nov"]
[Site "Chess.com INT"]
[Date "2021.11.23"]
[Round "1"]
[White "Vakhlamov, Igor L"]
[Black "Sawyer, Bradley J"]
[Result "1/2-1/2"]
[WhiteElo "2413"]
[BlackElo "2172"]
[PlyCount "95"]
[EventDate "2021.11.23"]
[EventType "swiss (blitz)"]
[EventRounds "11"]
[EventCountry "USA"]
[SourceTitle "CBM 205 Extra"]
[Source "ChessBase"]
[SourceDate "2022.01.31"]
[SourceVersion "1"]
[SourceVersionDate "2022.01.31"]
[SourceQuality "1"]

1. e4 c5 2. Nf3 d6 3. Nc3 Nf6 4. d4 cxd4 5. Qxd4 a6 6. Bc4 Nc6 7. Qd3 g6 8. 0-0 Bg7 9. Bg5 0-0 10. Rad1 b5 11. Bb3 Bg4 12. h3 Bxf3 13. Qxf3 Ne5 14. Qe2 Rc8 15. Kh1 h6 16. Bh4 g5 17. Bg3 Nc4 18. e5 Ne8 19. exd6 Nexd6 20. Nd5 Re8 21. c3 e6 22. Ne3 Qe7 23. Rfe1 Ne4 24. Bxc4 Nxg3+ 25. fxg3 bxc4 26. Nxc4 Red8 27. Ne3 Qc7 28. Qf3 a5 29. Nc2 a4 30. a3 Rb8 31. Nb4 Be5 32. g4 Kg7 33. Nc6 Rxd1 34. Rxd1 Rxb2 35. Rf1 f6 36. Qe4 Rb3 37. Nxe5 Qxe5 38. Qxa4 Rxc3 39. Qd7+ Kg6 40. Qe8+ Kg7 41. Rd1 Rxh3+ 42. gxh3 Qe4+ 43. Kg1 Qe3+ 44. Kg2 Qe2+ 45. Kg3 Qe3+ 46. Kg2 Qe2+ 47. Kg3 Qe3+ 48. Kg2 1/2-1/2

[Event "Titled Tuesday intern op 02nd Nov"]
[Site "Chess.com INT"]
[Date "2021.11.02"]
[Round "4"]
[White "Boydia, Sidi"]
[Black "Sawyer, Bradley J"]
[Result "0-1"]
[WhiteElo "2040"]
[BlackElo "2172"]
[PlyCount "60"]
[EventDate "2021.11.02"]
[EventType "swiss (blitz)"]
[EventRounds "11"]
[EventCountry "USA"]
[SourceTitle "CBM 205 Extra"]
[Source "ChessBase"]
[SourceDate "2022.01.31"]
[SourceVersion "1"]
[SourceVersionDate "2022.01.31"]
[SourceQuality "1"]

1. e4 c5 2. Nc3 d5 3. Nxd5 Nc6 4. d3 e6 5. Nc3 Nf6 6. g3 Be7 7. Bg2 a6 8. a4 0-0 9. Nge2 Rb8 10. f4 b5 11. e5 Nd5 12. axb5 axb5 13. 0-0 b4 14. Ne4 Nd4 15. c4 bxc3 16. bxc3 Nf5 17. Rf3 Qb6 18. Ba3 Ba6 19. Qd2 Rfd8 20. Rff1 Nde3 21. Rfb1 Qxb1+ 22. Rxb1 Rxb1+ 23. Kf2 Ng4+ 24. Kf3 Nxh2+ 25. Kf2 Rxd3 26. Qxd3 Bxd3 27. Bxc5 Rb2 28. Bf3 Nxf3 29. Kxf3 Bxe2+ 30. Kf2 Bg4+ 0-1

[Event "Titled Tuesday intern op 02nd Nov"]
[Site "Chess.com INT"]
[Date "2021.11.02"]
[Round "7"]
[White "Gubajdullin, Alexey"]
[Black "Sawyer, Bradley J"]
[Result "1-0"]
[WhiteElo "2314"]
[BlackElo "2172"]
[PlyCount "57"]
[EventDate "2021.11.02"]
[EventType "swiss (blitz)"]
[EventRounds "11"]
[EventCountry "USA"]
[SourceTitle "CBM 205 Extra"]
[Source "ChessBase"]
[SourceDate "2022.01.31"]
[SourceVersion "1"]
[SourceVersionDate "2022.01.31"]
[SourceQuality "1"]

1. d4 Nf6 2. Nf3 e6 3. Bf4 c5 4. e3 d5 5. c3 Bd6 6. Ne5 0-0 7. Bd3 Nc6 8. Nd2 Qc7 9. Ndf3 Ne4 10. Bg3 f6 11. Nxc6 Qxc6 12. Qc2 Bd7 13. Bxd6 Qxd6 14. Bxe4 dxe4 15. Qxe4 Qa6 16. dxc5 e5 17. Qd5+ Be6 18. Qd6 Qc4 19. Nd2 Qd5 20. Qxd5 Bxd5 21. e4 Be6 22. 0-0-0 Rfc8 23. Nb3 a5 24. Rd6 Kf7 25. Rb6 Rc7 26. a4 Rb8 27. Nxa5 Rxc5 28. Nxb7 Rxb7 29. Rxb7+ 1-0

[Event "Titled Tuesday intern op 02nd Nov"]
[Site "Chess.com INT"]
[Date "2021.11.02"]
[Round "1"]
[White "Kadam, Om Manish"]
[Black "Sawyer, Bradley J"]
[Result "1-0"]
[WhiteElo "2114"]
[BlackElo "2172"]
[PlyCount "39"]
[EventDate "2021.11.02"]
[EventType "swiss (blitz)"]
[EventRounds "11"]
[EventCountry "USA"]
[SourceTitle "CBM 205 Extra"]
[Source "ChessBase"]
[SourceDate "2022.01.31"]
[SourceVersion "1"]
[SourceVersionDate "2022.01.31"]
[SourceQuality "1"]

1. e4 c5 2. Nf3 d6 3. d4 cxd4 4. Nxd4 Nf6 5. Nc3 a6 6. g3 e5 7. Nde2 Be7 8. a4 Nc6 9. Bg2 0-0 10. 0-0 Nd7 11. Nd5 Nb6 12. Nec3 f5 13. exf5 Bxf5 14. Nxb6 Qxb6 15. Nd5 Qd8 16. Be3 Rc8 17. c3 Qe8 18. Qb3 Na5 19. Nxe7+ Kh8 20. Qb4 1-0

[Event "Titled Tuesday intern op 02nd Nov"]
[Site "Chess.com INT"]
[Date "2021.11.02"]
[Round "8"]
[White "Sawyer, Bradley J"]
[Black "Maly, Alexey"]
[Result "1-0"]
[WhiteElo "2172"]
[BlackElo "2368"]
[PlyCount "77"]
[EventDate "2021.11.02"]
[EventType "swiss (blitz)"]
[EventRounds "11"]
[EventCountry "USA"]
[SourceTitle "CBM 205 Extra"]
[Source "ChessBase"]
[SourceDate "2022.01.31"]
[SourceVersion "1"]
[SourceVersionDate "2022.01.31"]
[SourceQuality "1"]

1. c4 c5 2. g3 Nc6 3. Bg2 g6 4. Nc3 Bg7 5. e4 e6 6. Nge2 Nge7 7. 0-0 0-0 8. d3 d6 9. Be3 Nd4 10. Qd2 Nec6 11. Bh6 Bd7 12. Bxg7 Kxg7 13. f4 f5 14. Nxd4 cxd4 15. Ne2 e5 16. b4 Rb8 17. b5 Ne7 18. a4 Be6 19. fxe5 dxe5 20. Qb4 Qd7 21. Rae1 fxe4 22. Bxe4 Bh3 23. Rxf8 Rxf8 24. Qc5 Qe6 25. Bg2 Qf6 26. Nf4 Bxg2 27. Rxe5 Nf5 28. Ne6+ Qxe6 29. Rxe6 Bh3 30. Qe5+ Kh6 31. Re8 Rf7 32. g4 Ne3 33. g5+ Kh5 34. Qf6 Rc7 35. Re4 Bf5 36. Rxd4 Ng4 37. Qf8 Rc5 38. h3 Ne3 39. Qh6# 1-0

[Event "Titled Tuesday intern op 02nd Nov"]
[Site "Chess.com INT"]
[Date "2021.11.02"]
[Round "5"]
[White "Sawyer, Bradley J"]
[Black "Nechaeva, Marina"]
[Result "1-0"]
[WhiteElo "2172"]
[BlackElo "2394"]
[PlyCount "73"]
[EventDate "2021.11.02"]
[EventType "swiss (blitz)"]
[EventRounds "11"]
[EventCountry "USA"]
[SourceTitle "CBM 205 Extra"]
[Source "ChessBase"]
[SourceDate "2022.01.31"]
[SourceVersion "1"]
[SourceVersionDate "2022.01.31"]
[SourceQuality "1"]

1. c4 Nf6 2. g3 e6 3. Bg2 d5 4. Nf3 Be7 5. 0-0 0-0 6. b3 c5 7. Bb2 Nc6 8. e3 b6 9. cxd5 Nxd5 10. d4 cxd4 11. Nxd4 Nxd4 12. Bxd4 Bb7 13. Qg4 Bf6 14. Rd1 Bxd4 15. Rxd4 Qf6 16. Nd2 Rab8 17. Ne4 Qe7 18. Qg5 f6 19. Qh4 e5 20. Rd2 Nb4 21. Rad1 Bc6 22. a3 Na6 23. b4 Ba4 24. Rc1 Nc7 25. Nc3 Rfd8 26. Rxd8+ Rxd8 27. Nxa4 Nb5 28. Qg4 Nxa3 29. Rd1 Rxd1+ 30. Qxd1 Qxb4 31. Qd8+ Kf7 32. Bd5+ Kg6 33. Qe8+ Kh6 34. Bf3 g6 35. Qf8+ Kg5 36. h4+ Kf5 37. Qc8# 1-0

[Event "Titled Tuesday intern op 26th Oct"]
[Site "Chess.com INT"]
[Date "2021.10.26"]
[Round "6"]
[White "Sawyer, Bradley J"]
[Black "Gazis, Efstathios"]
[Result "0-1"]
[WhiteElo "2172"]
[BlackElo "2141"]
[PlyCount "56"]
[EventDate "2021.10.26"]
[EventType "swiss (blitz)"]
[EventRounds "11"]
[EventCountry "USA"]
[SourceTitle "CBM 204 Extra"]
[Source "ChessBase"]
[SourceDate "2021.11.30"]
[SourceVersion "1"]
[SourceVersionDate "2021.11.30"]
[SourceQuality "1"]

1. c4 c5 2. g3 e6 3. Bg2 Nf6 4. Nf3 Be7 5. 0-0 Qc7 6. Nc3 a6 7. d4 cxd4 8. Bd2 dxc3 9. Bxc3 0-0 10. Rc1 Nc6 11. b3 b6 12. Bb2 Bb7 13. Re1 Rac8 14. e4 d6 15. Nd2 Rfd8 16. Qc2 Qb8 17. Ba1 b5 18. Qb2 Ne5 19. Bf1 bxc4 20. Nxc4 Nf3+ 21. Kg2 Nxe1+ 22. Rxe1 e5 23. f3 h6 24. Ne3 Bf8 25. Bc4 Re8 26. Qd2 Rcd8 27. Nf5 d5 28. exd5 Bxd5 0-1

[Event "Titled Tuesday intern op 26th Oct"]
[Site "Chess.com INT"]
[Date "2021.10.26"]
[Round "4"]
[White "Sawyer, Bradley J"]
[Black "Khabinets, Ivan"]
[Result "0-1"]
[WhiteElo "2172"]
[BlackElo "1980"]
[PlyCount "62"]
[EventDate "2021.10.26"]
[EventType "swiss (blitz)"]
[EventRounds "11"]
[EventCountry "USA"]
[SourceTitle "CBM 204 Extra"]
[Source "ChessBase"]
[SourceDate "2021.11.30"]
[SourceVersion "1"]
[SourceVersionDate "2021.11.30"]
[SourceQuality "1"]

1. e4 c5 2. Nc3 d6 3. Nf3 Nf6 4. d4 cxd4 5. Nxd4 a6 6. Bg5 Nbd7 7. f4 Qc7 8. Qf3 h6 9. Bxf6 Nxf6 10. f5 e5 11. fxe6 fxe6 12. Bd3 Be7 13. e5 dxe5 14. Bg6+ Kf8 15. Nde2 Bd7 16. 0-0-0 Rc8 17. Ng3 b5 18. a3 Bc6 19. Qf2 a5 20. Nce4 Bxe4 21. Nxe4 b4 22. a4 Qc6 23. Nxf6 gxf6 24. b3 Qc3 25. Rhf1 Kg7 26. Rd7 Kxg6 27. Rxe7 Qa1+ 28. Kd2 Rxc2+ 29. Kxc2 Rc8+ 30. Kd2 Qb2+ 31. Ke3 Qd4+ 0-1

[Event "Titled Tuesday intern op 13th July"]
[Site "Chess.com INT"]
[Date "2021.07.13"]
[Round "4"]
[White "Sadovsky, Artem"]
[Black "Sawyer, Bradley J"]
[Result "1-0"]
[WhiteElo "2367"]
[BlackElo "2172"]
[PlyCount "69"]
[EventDate "2021.07.13"]
[EventType "swiss (blitz)"]
[EventRounds "11"]
[EventCountry "USA"]
[SourceTitle "CBM 203 Extra"]
[Source "ChessBase"]
[SourceDate "2021.09.30"]
[SourceVersion "1"]
[SourceVersionDate "2021.09.30"]
[SourceQuality "1"]

1. Nf3 c5 2. g3 g6 3. Bg2 Bg7 4. 0-0 Nc6 5. c3 e5 6. d4 exd4 7. cxd4 cxd4 8. Na3 Nge7 9. Nb5 0-0 10. Nbxd4 d5 11. Bg5 Qb6 12. Nxc6 Nxc6 13. Qxd5 Qxb2 14. e3 Be6 15. Qe4 Qxa1 16. Rxa1 Bxa1 17. h4 h5 18. Qf4 Bxa2 19. Bf6 Bxf6 20. Qxf6 Bd5 21. Ng5 Bxg2 22. Kxg2 Rae8 23. g4 Re5 24. gxh5 Rf5 25. Qd6 gxh5 26. Qh6 Rxg5+ 27. Qxg5+ Kh7 28. Qxh5+ Kg7 29. Qg5+ Kh7 30. Qf5+ Kg7 31. h5 a5 32. Qb5 Re8 33. Qxb7 Re6 34. Qb5 Kh6 35. f4 1-0

[Event "Titled Tuesday intern op 13th July"]
[Site "Chess.com INT"]
[Date "2021.07.13"]
[Round "2"]
[White "Sawyer, Bradley J"]
[Black "Petriashvili, Nikoloz"]
[Result "1-0"]
[WhiteElo "2172"]
[BlackElo "2432"]
[PlyCount "57"]
[EventDate "2021.07.13"]
[EventType "swiss (blitz)"]
[EventRounds "11"]
[EventCountry "USA"]
[SourceTitle "CBM 203 Extra"]
[Source "ChessBase"]
[SourceDate "2021.09.30"]
[SourceVersion "1"]
[SourceVersionDate "2021.09.30"]
[SourceQuality "1"]

1. e4 c5 2. Nc3 Nc6 3. Bb5 Nd4 4. Bc4 g6 5. Nf3 Bg7 6. Nxd4 cxd4 7. Qf3 Nf6 8. Ne2 e5 9. d3 0-0 10. h4 d5 11. exd5 Bg4 12. Qg3 Bxe2 13. Kxe2 e4 14. Bg5 exd3+ 15. Qxd3 Re8+ 16. Kf1 Qd6 17. Bxf6 Bxf6 18. h5 Rac8 19. hxg6 hxg6 20. Bb3 Qf4 21. d6 Qg4 22. d7 Qxd7 23. Qxg6+ Bg7 24. Rh7 Qb5+ 25. Kg1 Qe5 26. Bxf7+ Kf8 27. Bxe8 Rxe8 28. Rh5 Qc7 29. Rf5+ 1-0